000 00353nam a22001457a 4500
003 SGT
082 _a617.7
_bO12S
100 _aSTEIN, HAROLD A.
245 _aOPHTHALMIC DICTIONARY & VOCABULARY BUILDER FOR EYS CARE PROFESSIONALS
250 _a4TH
260 _a2012
_bINDIA
_cJAYPEE
300 _a2012
650 _aOPHTHALMOLOGY
942 _2ddc
_cBK
999 _c10242
_d10242